Statistics for Top Teammates of LeBron James

Click here to take the quiz!

General Stats

  • This quiz has been taken 12,783 times
    (3,799 since last reset)
  • The average score is 6 of 11

Answer Stats

Win SharesPositionYearsTeammate% Correct
36.9SG2010–2014, 2017–2018Dwyane Wade
95%
24.3PG2014–2017Kyrie Irving
93%
40.1PF / C2019–Anthony Davis
91%
34.2PF2010–2014Chris Bosh
87%
29.9PF2014–2018Kevin Love
86%
25.3C / PF2014–2018Tristan Thompson
44%
48.3C2003–2011Zydrunas Ilgauskas
42%
17.2PG2010–2014Mario Chalmers
31%
32.9C / PF2004–2010, 2014–2016Anderson Varejao
23%
17.6PG2008–2010, 2015–2016Mo Williams
22%
23.6PF2004–2008Drew Gooden
6%

Score Distribution

Percentile by Number Answered

Percent of People with Each Score

Your Score History

You have not taken this quiz since the last reset